000 00384nam a2200145Ia 4500
008 230917s9999||||xx |||||||||||||| ||und||
040 _e197958
_aMAIN
041 _aEnglish
082 _a579 O1E
100 _aOkafor, Nduka
245 0 _aEnvironmental microbiology of aquatic and waste systems
260 _aNew York
_bSpringer-Verlag
_c2011
300 _axvi, 307 p.
942 _cBK
999 _c159904
_d159904